Como un grano de trigo (Record no. 175741)

MARC details
000 -LEADER
campo de control de longitud fija 00695nam a22002175i 4500
001 - NÚMERO DE CONTROL
campo de control 175741
003 - IDENTIFICADOR DE NÚMERO DE CONTROL
campo de control ES-MaACL
005 - FECHA Y HORA DE LA ÚLTIMA TRANSACCIÓN
campo de control 20240425063226.0
008 - DATOS DE LONGITUD FIJA--INFORMACIÓN GENERAL
campo de control de longitud fija 101119s1965 sp f |||| | spa d
080 ## - NÚMERO DE LA CLASIFICACIÓN DECIMAL UNIVERSAL
Número de la Clasificación Decimal Universal 821.134.2-14"19"
100 0# - ENTRADA PRINCIPAL--NOMBRE DE PERSONA
Nombre de persona Pinto Grote, Carlos.
9 (RLIN) 92232
245 10 - MENCIÓN DEL TÍTULO
Título Como un grano de trigo
Resto del título : (poema) /
Mención de responsabilidad, etc. Carlos Pinto Grote.
250 ## - MENCION DE EDICION
Mención de edición 1ª ed.
260 ## - PUBLICACIÓN, DISTRIBUCIÓN, ETC.
Lugar de publicación, distribución, etc. Barcelona :
Nombre del editor, distribuidor, etc. El bardo,
Fecha de publicación, distribución, etc. 1965.
300 ## - DESCRIPCIÓN FÍSICA
Extensión 26 p. , [6] h. de lám. bl. y n. ;
Dimensiones 20 cm.
490 1# - MENCIÓN DE SERIE
Mención de serie El Bardo, colección de poesía ;
Designación de volumen o secuencia 9
830 0# - PUNTO DE ACCESO ADICIONAL DE SERIE-TÍTULO UNIFORME
Título uniforme El Bardo (Batlló, José) ;
Designación de volumen o secuencia 9
9 (RLIN) 235922
852 ## - LOCALIZACIÓN
Ubicación ES-MaACL
Número de control de estantería E-13581
Signatura antigua Olim: P-361-Ter
itemnumber 182479
942 ## - ELEMENTOS DE ENTRADA SECUNDARIOS (KOHA)
Fuente del sistema de clasificación o colocación Clasificación decimal universal
Holdings
Estatus retirado Estado de pérdida Estado de daño No para préstamo Biblioteca de origen Biblioteca actual Ubicación en estantería Fecha de adquisición Fuente de adquisición Total de préstamos Signatura topográfica completa Código de barras Visto por última vez Precio de reemplazo Tipo de ítem Koha
        Biblioteca del Ateneo de Madrid Biblioteca del Ateneo de Madrid Depósito 2 19/11/2010     E-13581 1184546 23/02/2023 23/02/2023 Libro impreso